000 01715nam a22003257a 4500
005 20240530110918.0
008 220518s1997 ua g b 001 0 ara d
017 _a97/2334
_bمصر. دار الكتب
020 _a9775652669
040 _aEG-CaGPL
_cEG-CaGPL
082 0 4 _221
_a327.0973/
_bع أ
100 0 _aعبدالمنعم عمارة
245 1 2 _aالاستراتيجية الامريكية فى الشرق الاوسط بعد الحرب العالمية الثانية /
_cتاليف عبدالمنعم عمارة
250 _aط.1
260 _aالقاهرة :
_bمركز المحروسة للبحوث والتدريب والنشر،
_c1997.
300 _a384 ص. ؛
_c24 سم.
490 0 _aقضايا دولية واقايمية ؛
_v5
504 _aيشتمل على ارجاعات ببليوجرافية
650 0 7 _2qrmak
_aالاحوال السياسية
650 0 7 _2qrmak
_aالسياسة الخارجية
650 0 7 _2qrmak
_aالعلاقات الخارجية
650 0 7 _2qrmak
_aالحرب العالمية الثانية
_xنتائج
650 0 7 _2qrmak
_aالمنازعات الدولية
_zالشرق الاوسط
651 0 7 _2qrmak
_aالولايات المتحدة الامريكية
_xالاحوال السياسية
651 0 7 _2qrmak
_aالولايات المتحدة الامريكية
_xالعلاقات الخارجية
_zالشرق الاوسط
651 0 7 _2qrmak
_aالولايات المتحدة الامريكية
_xالعلاقات الخارجية
_zمصر
651 0 7 _2qrmak
_aالولايات المتحدة الامريكية
_xالعلاقات الخارجية
_zالسعودية
942 _2ddc
_cBK
999 _c66434
_d66434